|
|
|
|
| LEADER |
00000nam0a2200000 4500 |
| 001 |
272540 |
| 005 |
20231101234538.0 |
| 020 |
|
|
|a RU
|b 87-45021
|
| 035 |
|
|
|a (RuTPU)RU\TPU\book\295747
|
| 090 |
|
|
|a 272540
|
| 100 |
|
|
|a 20141020d1987 km y0rusy5003 ca
|
| 101 |
0 |
|
|a rus
|
| 102 |
|
|
|a RU
|
| 105 |
|
|
|a a z 001zy
|
| 200 |
1 |
|
|a Пакеты прикладных программ. Инструментальные системы
|e [сборник статей]
|f Академия наук СССР (АН СССР), Вычислительный центр
|
| 210 |
|
|
|a Москва
|c Наука
|d 1987
|
| 215 |
|
|
|a 150 с.
|c ил.
|d 22 см
|
| 225 |
1 |
|
|a Алгоритмы и алгоритмические языки
|
| 320 |
|
|
|a Библиогр. в конце статей
|
| 606 |
1 |
|
|a Вычислительные машины электронные персональные
|x Программирование
|x Обработка пакетная
|2 stltpush
|3 (RuTPU)RU\TPU\subj\4219
|9 32513
|
| 610 |
1 |
|
|a задачи
|
| 610 |
1 |
|
|a решение
|
| 610 |
1 |
|
|a автоматизированные системы
|
| 610 |
1 |
|
|a диалоговые системы
|
| 610 |
1 |
|
|a пакеты прикладных программ
|
| 610 |
1 |
|
|a построение
|
| 610 |
1 |
|
|a оптимизация
|
| 610 |
1 |
|
|a инструментальные системы
|
| 610 |
1 |
|
|a языковые средства
|
| 675 |
|
|
|a 681.3.068
|z rus
|v 3
|
| 712 |
0 |
2 |
|a Академия наук СССР (АН СССР)
|b Вычислительный центр
|2 stltpush
|3 (RuTPU)RU\TPU\col\11481
|
| 801 |
|
0 |
|a RU
|b RuMRKP
|c 19950417
|g psbo
|
| 801 |
|
1 |
|a RU
|b 63413507
|c 20141020
|
| 801 |
|
2 |
|a RU
|b 63413507
|c 20210408
|g RCR
|
| 942 |
|
|
|c BK
|